|
|
|
|
| LEADER |
00000nam0a2200000 4500 |
| 001 |
354094 |
| 005 |
20231102010646.0 |
| 035 |
|
|
|a (RuTPU)RU\TPU\retro\11352
|
| 090 |
|
|
|a 354094
|
| 100 |
|
|
|a 20200616d1972 m y0rusy50 ca
|
| 101 |
0 |
|
|a rus
|
| 102 |
|
|
|a RU
|
| 105 |
|
|
|a a j 001zy
|
| 200 |
1 |
|
|a Сборник задач по небесной механике и космодинамике
|e учебное пособие
|f М. Б. Балк, В. Г. Демин, А. Л. Куницын
|g под ред. В. Г. Демина
|
| 210 |
|
|
|a Москва
|c Наука
|d 1972
|
| 215 |
|
|
|a 336 с.
|c ил.
|
| 320 |
|
|
|a Библиогр. в конце гл.
|
| 606 |
1 |
|
|a Небесная механика
|2 stltpush
|3 (RuTPU)RU\TPU\subj\71691
|9 85480
|
| 610 |
1 |
|
|a космодинамика
|
| 610 |
1 |
|
|a задачи
|
| 610 |
1 |
|
|a учебные пособия
|
| 610 |
1 |
|
|a сферическая астрономия
|
| 610 |
1 |
|
|a ньютонов потенциал
|
| 610 |
1 |
|
|a теория
|
| 610 |
1 |
|
|a задача двух тел
|
| 610 |
1 |
|
|a уравнения Кеплера
|
| 610 |
1 |
|
|a орбиты
|
| 610 |
1 |
|
|a аналитическая динамика
|
| 610 |
1 |
|
|a небесные тела
|
| 610 |
1 |
|
|a возмущенные движения
|
| 610 |
1 |
|
|a ракетодинамика
|
| 610 |
1 |
|
|a космические аппараты
|
| 610 |
1 |
|
|a решения
|
| 675 |
|
|
|a 521.1(076.5)
|v 4
|
| 700 |
|
1 |
|a Балк
|b М. Б.
|g Марк Беневич
|
| 701 |
|
1 |
|a Демин
|b В. Г.
|g Владимир Григорьевич
|
| 701 |
|
1 |
|a Куницын
|b А. Л.
|g Андрей Леонидович
|
| 702 |
|
1 |
|a Демин
|b В. Г.
|4 340
|
| 801 |
|
1 |
|a RU
|b 63413507
|c 20200616
|
| 801 |
|
2 |
|a RU
|b 63413507
|c 20210720
|g RCR
|
| 942 |
|
|
|c BK
|